LEADER 01166nam a2200241 i 4500 001 000000173922 003 CaOOAMICUS 005 20080805000000.0 008 080805s1543 it u000 u lat u 013 $a151376 040 $aSeMil$bita 245 10$aCommentarii in omnes D. Pauli Epistolas ex lucubrationibus S. Augustini. 260 $aVenezia :$bapud Gabrielem Jolitum de Ferrariis,$c1543. 300 $a10 x 15,5 ;$ccc. 641 ;$crom. 500 $aDescrizione da : Incunaboli e Cinquecentine della Biblioteca del Seminario di Milano / catalogo a cura di Ubaldo Valentini, Milano 1981. - Numero di catalogo : 150. 650 4$aCinquecentine.$0(OLS)http://semarc/subject/1297 700 0 $aBeda : Venerabilis,$c.$0(OLS)http://semarc/name/100126 850 $aSeMil 852 $aSeMil$W1$xVenegono$y1$mFV.B IV 14$j124767$B124767$CSeMilBibl$Z2$F135846 $86 900 0 $aBeda : il Venerabile. 996 $6245$aCommentarii in omnes D. Pauli Epistolas ex lucubrationibus S. Augustini$9(OLS)http://semarc/title/249236 996 $6260$aVenezia :$bapud Gabrielem Jolitum de Ferrariis$9(OLS)http://semarc/publisher/49262 LEADER 00957nam a2200217 i 4500 001 000000042623 003 CaOOAMICUS 005 20090724000000.0 008 090724s1943 it u000 u ita u 013 $a13793 040 $aSeMil$bita 100 1 $aParente, Pietro,$c.$0(OLS)http://semarc/name/1473 245 10$aDizionario di teologia dommatica per laici /$cPietro Parente, Antonio Piolanti. 260 $aRoma :$bStudium,$cimprim. 1943. 300 $a259 p., [1] c. di tav. ripieg. ;$c18 cm. 650 4$aTeologia dogmatica - Enciclopedie e dizionari.$0(OLS)http://semarc/subject/1093 700 1 $aPiolanti, Antonio,$c.$0(OLS)http://semarc/name/121 850 $aSeMil 852 $aSeMil$W1$xVenegono$y1$m2B I 130$j8778$B8778$CSeMilBibl$Z2$F8778 $81 996 $6245$aDizionario di teologia dommatica per laici$9(OLS)http://semarc/title/62228 996 $6260$aRoma :$bStudium$9(OLS)http://semarc/publisher/29617